Water Bottle Brands A-Z Quiz Stats

 Plays Quiz not verified by Sporcle

Challenge
Share
Tweet
Embed
Score 0/26 Timer 06:00
0 Plays Today
A-Z Brand % Correct
AAquafina
65.6%
EEvian
63.9%
FFiji
42.6%
MNestle
31.1%
SSmart
19.7%
IIce Mountain
14.8%
HHighland
11.5%
NOzarka
8.2%
ZZephyrhills
8.2%
BBear Lithia
3.3%
CCeltic
3.3%
LMineral Water
3.3%
RRefresh
3.3%
A-Z Brand % Correct
VVitel
3.3%
XX factor
3.3%
DDeja Blue
1.6%
GGalavania
1.6%
KLife Water
1.6%
JKelogg
1.6%
OPropel
1.6%
PRadenska
1.6%
QQuench
1.6%
TTau
1.6%
UUberwater
1.6%
WWatsons
1.6%
YY Brain
1.6%

You're not logged in!

Compare scores with friends on all Sporcle quizzes.
OR
Log In

You Might Also Like...

Show Comments

Extras

Created May 31, 2010ReportNominate
Tags:A-Z, bottle, brand, water

Top Quizzes Today


Score Distribution

Your Account Isn't Verified!

In order to create a playlist on Sporcle, you need to verify the email address you used during registration. Go to your Sporcle Settings to finish the process.

Report this User

Report this user for behavior that violates our Community Guidelines.

Details: